| 000 | 00537 a2200181 4500 | ||
|---|---|---|---|
| 001 | 066914 | ||
| 003 | OSt | ||
| 005 | 20211021171328.0 | ||
| 008 | |||
| 082 |
_a658.11 _bM83C |
||
| 100 | 1 | _aMorse, Eric A. | |
| 245 | 1 |
_aCases in entrepreneurship _cby Eric A. Morse and Ronald K. Mitchell |
|
| 260 |
_aLondon _bSage Publication _c2009 |
||
| 300 | _a425p. | ||
| 690 | _aNew business enterprises; Venture capital; Business incubators; Entrepreneurship | ||
| 700 | _aMitchell, Ronald A. | ||
| 942 |
_2ddc _cBK |
||
| 999 |
_c907 _d907 |
||